Retrouvez ces joueurs de football #12 - Statistiques

Statistiques générales
  • Ce quiz a été pris 266 fois
  • Le résultat moyen est 9 sur 15
Statistiques - réponses
Par images Réponse % Correct
Adrien Rabiot
91%
Jérémy Doku
90%
Josko Gvardiol
83%
Achraf Hakimi
80%
Christopher Nkunku
80%
William Saliba
70%
James Milner
60%
Joselu
53%
Nicolo Barella
49%
Christian Pulisic
47%
Kasper Dolberg
45%
Emiliano Martinez
40%
Mitchel Bakker
40%
Victor Boniface
36%
Youssef En-Nesyri
10%
Aucun quiz correspondant
Distribution des résultats
% des personnes avec chaque résultat
Percentile par nombre de réponses
Votre historique - résultats
Vous n’avez pas pris ce quiz